Host City by Super Bowls - Statistics

General Stats
  • This quiz has been taken 13 times
  • The average score is 8 of 18
Answer Stats
Hint Answer % Correct
XXVIII, XXXIV, LIII Atlanta
80%
50, LX San Francisco/Santa Clara
70%
IV, VI, IX, XII, XV, XX, XXIV, XXXI, XXXVI, XLVII, LIX New Orleans
60%
VIII, XXXVIII, LI Houston
50%
XLVI Indianapolis
50%
I, VII, XI, XIV, XVII, XXI, XXVII, LVI Los Angeles/Pasadena/Inglewood
50%
II, III, V, X, XIII, XXIII, XXIX, XXXIII, XLI, XLIV, LIV Miami/Miami Gardens
50%
XXVI, LII Minneapolis
50%
XLII, XLIX, LVII Phoenix/Glendale
50%
XVIII, XXV, XXXV, XLIII, LV Tampa
50%
XLV Dallas/Arlington
30%
XVI, XL Detroit/Pontiac
30%
LVIII Las Vegas
30%
XLVIII New York/East Rutherford
30%
XXII, XXXII, XXXVII San Diego
30%
XXXIX Jacksonville
20%
XIX Stanford
20%
XXX Tempe
10%
No matching quizzes found
Score Distribution
Percent of People with Each Score
Percentile by Number Answered
Your Score History
You have not taken this quiz